| 000 | 00545nam a22001577a 4500 | ||
|---|---|---|---|
| 999 |
_c7436 _d7436 |
||
| 005 | 20211124132905.0 | ||
| 008 | 211124b ||||| |||| 00| 0 eng d | ||
| 020 | _a9788476806487 | ||
| 040 | _aCDMR | ||
| 100 |
_94737 _aPascual Carballo, Alberto |
||
| 245 |
_aHumor gráfico galego: _bda transición ao século XXI : Can sen Dono, XO!, Sapoconcho _c/ Alberto Pascual Carballo |
||
| 260 |
_aVigo: _bIr indo, _cDL 2009 |
||
| 300 |
_a486 pàgines _b: il·lustrat; _c32 cm |
||
| 650 | 0 |
_93162 _aHumorisme gràfic _zGalícia _xHistòria |
|
| 942 |
_2udc _cMON |
||